<?xml version="1.0" encoding="UTF-8"?>
<record
    xmlns:xsi="http://www.w3.org/2001/XMLSchema-instance"
    xsi:schemaLocation="http://www.loc.gov/MARC21/slim http://www.loc.gov/standards/marcxml/schema/MARC21slim.xsd"
    xmlns="http://www.loc.gov/MARC21/slim">

  <leader>04654cam a2200457Ia 4500</leader>
  <datafield tag="999" ind1=" " ind2=" ">
    <subfield code="c">29202</subfield>
    <subfield code="d">29173</subfield>
  </datafield>
  <controlfield tag="001">13607226</controlfield>
  <controlfield tag="003">EG-ScBUE</controlfield>
  <controlfield tag="005">20210621125926.0</controlfield>
  <controlfield tag="007">cr cnu---unuuu</controlfield>
  <controlfield tag="008">070420s2004    maua   f bf   001 0 eng d</controlfield>
  <datafield tag="020" ind1=" " ind2=" ">
    <subfield code="a">9788181479846</subfield>
  </datafield>
  <datafield tag="020" ind1=" " ind2=" ">
    <subfield code="a">0750676957</subfield>
  </datafield>
  <datafield tag="020" ind1=" " ind2=" ">
    <subfield code="z">818147984X</subfield>
  </datafield>
  <datafield tag="035" ind1=" " ind2=" ">
    <subfield code="a">(OCoLC)ocn123352568</subfield>
  </datafield>
  <datafield tag="040" ind1=" " ind2=" ">
    <subfield code="a">N$T</subfield>
    <subfield code="b">eng</subfield>
    <subfield code="e">rda</subfield>
    <subfield code="c">N$T</subfield>
    <subfield code="d">YDXCP</subfield>
    <subfield code="d">OCLCQ</subfield>
    <subfield code="d">IDEBK</subfield>
    <subfield code="d">E7B</subfield>
    <subfield code="d">OCLCQ</subfield>
    <subfield code="d">DEBBG</subfield>
    <subfield code="d">OCLCO</subfield>
    <subfield code="d">OCLCQ</subfield>
    <subfield code="d">UA@</subfield>
    <subfield code="d">OCLCF</subfield>
    <subfield code="d">OCLCQ</subfield>
    <subfield code="d">OPELS</subfield>
    <subfield code="d">OCL</subfield>
    <subfield code="d">OCLCQ</subfield>
    <subfield code="d">COO</subfield>
    <subfield code="d">LOA</subfield>
    <subfield code="d">COCUF</subfield>
    <subfield code="d">LVT</subfield>
    <subfield code="d">AGLDB</subfield>
    <subfield code="d">MOR</subfield>
    <subfield code="d">PIFAG</subfield>
    <subfield code="d">OTZ</subfield>
    <subfield code="d">OCLCQ</subfield>
    <subfield code="d">JBG</subfield>
    <subfield code="d">U3W</subfield>
    <subfield code="d">EG-ScBUE</subfield>
  </datafield>
  <datafield tag="082" ind1="0" ind2="4">
    <subfield code="a">621.382</subfield>
    <subfield code="b">HAN</subfield>
    <subfield code="2">22</subfield>
  </datafield>
  <datafield tag="245" ind1="0" ind2="0">
    <subfield code="a">Handbook of RF and wireless technologies /</subfield>
    <subfield code="c">Farid Dowla, editor-in-chief, Lawrence Livermore National Laboratory.</subfield>
  </datafield>
  <datafield tag="264" ind1=" " ind2="1">
    <subfield code="a">Burlington, MA :</subfield>
    <subfield code="b">Newnes,</subfield>
    <subfield code="c">2005.</subfield>
  </datafield>
  <datafield tag="300" ind1=" " ind2=" ">
    <subfield code="a">xxiii, 515 pages :</subfield>
    <subfield code="b">illustrations ;</subfield>
    <subfield code="c">24 cm</subfield>
  </datafield>
  <datafield tag="336" ind1=" " ind2=" ">
    <subfield code="a">text</subfield>
    <subfield code="b">txt</subfield>
    <subfield code="2">rdacontent</subfield>
  </datafield>
  <datafield tag="337" ind1=" " ind2=" ">
    <subfield code="a">computer</subfield>
    <subfield code="b">c</subfield>
    <subfield code="2">rdamedia</subfield>
  </datafield>
  <datafield tag="338" ind1=" " ind2=" ">
    <subfield code="a">online resource</subfield>
    <subfield code="b">cr</subfield>
    <subfield code="2">rdacarrier</subfield>
  </datafield>
  <datafield tag="490" ind1="0" ind2=" ">
    <subfield code="a">Electronic/communications</subfield>
  </datafield>
  <datafield tag="504" ind1=" " ind2=" ">
    <subfield code="a">Includes bibliographical references and index.</subfield>
  </datafield>
  <datafield tag="505" ind1="0" ind2="0">
    <subfield code="t">A survey of RF and wireless technology /</subfield>
    <subfield code="r">John T. Moring --</subfield>
    <subfield code="t">Next generation wireless networks: an evolution of architectures and technologies /</subfield>
    <subfield code="r">Janise Y. McNair --</subfield>
    <subfield code="t">Mobile ad hoc networks /</subfield>
    <subfield code="r">Asis Nasipuri --</subfield>
    <subfield code="t">Direct-sequence and frequency-hopping spread specturm /</subfield>
    <subfield code="r">Earl McCune --</subfield>
    <subfield code="t">Software-defined radio /</subfield>
    <subfield code="r">Brad Brannon --</subfield>
    <subfield code="t">RF power amplifiers /</subfield>
    <subfield code="r">Michael LeFevre, Leonard Pelletier,</subfield>
    <subfield code="r">David Runton --</subfield>
    <subfield code="t">Linear amplification with nonlinear components /</subfield>
    <subfield code="r">Tom Hornak --</subfield>
    <subfield code="t">Phase-locked loop techniques in modern communciations systems /</subfield>
    <subfield code="r">Mohammed Ismail, Hong Jo Ahn,</subfield>
    <subfield code="r">Adem Aktasa --</subfield>
    <subfield code="t">RF power amplifier linearization techniques /</subfield>
    <subfield code="r">Michael LeFevre,</subfield>
    <subfield code="r">Peter Okrah,</subfield>
    <subfield code="r">David Runton --</subfield>
    <subfield code="t">Orthogonal frequency division multiplexing (OFDM) /</subfield>
    <subfield code="r">Hamid R. Sadjadpour --</subfield>
    <subfield code="t">Wireless sensor networks /</subfield>
    <subfield code="r">Michael R. Moore --</subfield>
    <subfield code="t">Turbo codes /</subfield>
    <subfield code="r">Matthew C. Valenti,</subfield>
    <subfield code="r">Jian Sun --</subfield>
    <subfield code="t">Reliable wireless networks for industrial applications /</subfield>
    <subfield code="r">Robert D. Poor,</subfield>
    <subfield code="r">Brent Hodges --</subfield>
    <subfield code="t">The basics of radio frequency identification (RFID) technology /</subfield>
    <subfield code="r">Automatic Identification Manufacturers (AIM) Organization --</subfield>
    <subfield code="t">SiGe HBT technology for RF and wireless applications /</subfield>
    <subfield code="r">Guofu Niu --</subfield>
    <subfield code="t">Ultra-wideband communication /</subfield>
    <subfield code="r">Farid Dowla.</subfield>
  </datafield>
  <datafield tag="506" ind1=" " ind2=" ">
    <subfield code="a">Access restricted by licensing agreement.</subfield>
  </datafield>
  <datafield tag="520" ind1=" " ind2=" ">
    <subfield code="a">Expert contributors drawn from the ranks of academia and industry have authored chapters in such areas as third-generation wireless, wireless sensor networks, RF power amplifiers, spread spectrum modulation, signal propagation, antennas, and other key subjects that engineers working in RF and wireless need to be familiar with. This is far more than just a tutorial or reference guideit is a "guided tour" through the world of cutting-edge RF and wireless design, combining theory, applications, and philosophies behind the RF/wireless design process. The multiple and sometimes overlapping chapters reiterate and emphasize the fundamentals in the context of different types of wireless applications. Here are just a few benefits that readers will gain from reading this book: *A refresher and update of wireless principles and techniques. *Information about the latest (and forthcoming) RF and wireless circuits, products and systems. *Guidelines, approaches, and techniques to RF/wireless design. *Examples of typical applications with an emphasis on real-world situations including existing and forthcoming new components and integrated circuits. *Coverage of new and emerging wireless topics heretofore not widely covered in print (e.g. UWB, RFID, IR, etc.) * A comprehensive survey of current RF and wireless engineering practice * Heavy emphasis on practical applications and design guidelines * Multiple contributors assure a wide range of perspectives and avoids individual bias.</subfield>
  </datafield>
  <datafield tag="588" ind1="0" ind2=" ">
    <subfield code="a">Description base on print version record.</subfield>
  </datafield>
  <datafield tag="590" ind1=" " ind2=" ">
    <subfield code="a">Access is available to the Yale community.</subfield>
  </datafield>
  <datafield tag="650" ind1=" " ind2="7">
    <subfield code="a">Wireless communication systems</subfield>
    <subfield code="v">Handbooks, manuals, etc.</subfield>
    <subfield code="2">BUEsh</subfield>
  </datafield>
  <datafield tag="650" ind1=" " ind2="7">
    <subfield code="a">Radio frequency.</subfield>
    <subfield code="2">BUEsh</subfield>
  </datafield>
  <datafield tag="653" ind1=" " ind2=" ">
    <subfield code="b">COMAME</subfield>
    <subfield code="c">June2021</subfield>
  </datafield>
  <datafield tag="655" ind1=" " ind2="7">
    <subfield code="a">Handbooks and manuals.</subfield>
    <subfield code="2">fast</subfield>
    <subfield code="0">(OCoLC)fst01423877</subfield>
    <subfield code="v">Reading book</subfield>
  </datafield>
  <datafield tag="700" ind1="1" ind2=" ">
    <subfield code="a">Dowla, Farid U.,</subfield>
    <subfield code="e">editor.</subfield>
  </datafield>
  <datafield tag="730" ind1="0" ind2=" ">
    <subfield code="a">Elsevier ScienceDirect All Books.</subfield>
    <subfield code="g">OCLC KB.</subfield>
  </datafield>
  <datafield tag="776" ind1="0" ind2="8">
    <subfield code="i">Print version:</subfield>
    <subfield code="t">Handbook of RF and wireless technologies.</subfield>
    <subfield code="d">Amsterdam ; Boston : Newnes, &#xFFFD;2004</subfield>
    <subfield code="z">0750676957</subfield>
    <subfield code="z">9780750676953</subfield>
    <subfield code="w">(DLC)  2003044206</subfield>
    <subfield code="w">(OCoLC)52341480</subfield>
  </datafield>
  <datafield tag="856" ind1="4" ind2="0">
    <subfield code="y">Online book</subfield>
    <subfield code="u">https://yale.idm.oclc.org/login?URL=https://www.sciencedirect.com/science/book/9780750676953</subfield>
  </datafield>
  <datafield tag="942" ind1=" " ind2=" ">
    <subfield code="2">ddc</subfield>
    <subfield code="c">BB</subfield>
  </datafield>
  <datafield tag="946" ind1=" " ind2=" ">
    <subfield code="a">DO NOT EDIT. DO NOT EXPORT.</subfield>
  </datafield>
  <datafield tag="952" ind1=" " ind2=" ">
    <subfield code="0">0</subfield>
    <subfield code="1">0</subfield>
    <subfield code="2">ddc</subfield>
    <subfield code="4">0</subfield>
    <subfield code="7">0</subfield>
    <subfield code="8">Donation-G</subfield>
    <subfield code="a">MAIN</subfield>
    <subfield code="b">MAIN</subfield>
    <subfield code="c">1ST</subfield>
    <subfield code="d">2021-06-21</subfield>
    <subfield code="e">Donation</subfield>
    <subfield code="l">0</subfield>
    <subfield code="o">621.382 HAN</subfield>
    <subfield code="p">000050361</subfield>
    <subfield code="r">2025-07-15 00:00:00</subfield>
    <subfield code="w">2021-06-21</subfield>
    <subfield code="y">BB</subfield>
  </datafield>
</record>
